Sport as prevention: the role of sport in crime prevention programmes aimed at young people
| Main Author: | |
|---|---|
| Format: | Print Book |
| Language: | English |
| Published: |
Oxford
Centre for Criminological Research, University of Oxford
1990
|
| In: |
Occasional paper (12)
Year: 1990 |
| Availability in Tübingen: | Present in Tübingen. UB: KB 8 E 8290 |
| Check availability: | HBZ Gateway |
| Subito Delivery Service: | Order now. |
MARC
| LEADER | 00000cam a2200000 c 4500 | ||
|---|---|---|---|
| 001 | 1153585979 | ||
| 003 | DE-627 | ||
| 005 | 20251225181345.0 | ||
| 007 | tu | ||
| 008 | 000225s1990 xx ||||| 00| ||eng c | ||
| 020 | |a 0947811036 |9 0-947811-03-6 | ||
| 035 | |a (DE-627)1153585979 | ||
| 035 | |a (DE-576)083585974 | ||
| 035 | |a (DE-599)BSZ083585974 | ||
| 035 | |a (OCoLC)24552833 | ||
| 040 | |a DE-627 |b ger |c DE-627 |e rakwb | ||
| 041 | |a eng | ||
| 082 | 0 | |a 364.440941 | |
| 100 | 1 | |a Robins, David |4 aut | |
| 245 | 1 | 0 | |a Sport as prevention |b the role of sport in crime prevention programmes aimed at young people |c a report by David Robins |
| 264 | 1 | |a Oxford |b Centre for Criminological Research, University of Oxford |c 1990 | |
| 300 | |a IV, 108 S. | ||
| 336 | |a Text |b txt |2 rdacontent | ||
| 337 | |a ohne Hilfsmittel zu benutzen |b n |2 rdamedia | ||
| 338 | |a Band |b nc |2 rdacarrier | ||
| 490 | 1 | |a Occasional paper / Centre for Criminological Research, Oxford University |v 12 | |
| 583 | 1 | |a Archivierung prüfen |c 20200919 |f DE-640 |z 1 |2 pdager | |
| 810 | 2 | |a Centre for Criminological Research |g Oxford |t Occasional paper |v 12 |9 12 |w (DE-627)1691065641 |w (DE-576)03160935X |w (DE-600)3009786-1 |7 am | |
| 951 | |a BO | ||
| ELC | |b 1 | ||
| LOK | |0 000 xxxxxcx a22 zn 4500 | ||
| LOK | |0 001 2373962683 | ||
| LOK | |0 003 DE-627 | ||
| LOK | |0 004 1153585979 | ||
| LOK | |0 005 20010212000000 | ||
| LOK | |0 008 000225||||||||||||||||ger||||||| | ||
| LOK | |0 040 |a DE-21 |c DE-627 |d DE-21 | ||
| LOK | |0 852 |a DE-21 | ||
| LOK | |0 852 1 |c KB 8 E 8290 |9 00 | ||
| LOK | |0 935 |a krim | ||
| LOK | |0 936ln |a k11.1.2.6 | ||
| LOK | |0 939 |a 25-02-00 |b l01 | ||
| ORI | |a SA-MARC-krimdoka001.raw | ||
| SIG | |a UB: KB 8 E 8290 | ||
